La Participación ciudadana
Guardado en:
| Format: | Texto |
|---|---|
| Fag: | |
| Tags: |
Tilføj Tag
Ingen Tags, Vær først til at tagge denne postø!
|
MARC
| LEADER | 00000 a a2200000 04500 | ||
|---|---|---|---|
| 001 | 6385 | ||
| 003 | |||
| 040 | |||
| 245 | |a La Participación ciudadana | ||
| 650 | |a PARTICIPACION SOCIAL | ||
| 650 | |a SOCIEDAD CIVIL | ||
| 773 | |g volumen 21, número 911; páginas 4-5 | ||
| 999 | |c 26680 |d 26680 | ||
